LEADER 00810nam a2200217 i 4500 001 000000175716 003 CaOOAMICUS 005 20201102152459.0 008 081115s1951 it u000 u mul u 013 $a153199 040 $aSeMil$bita 245 10$aTome 2. 300 $a213 p. 490 0 $aCollection des Universités de France 700 1 $aLabourt, Jérôme,$d<1874-1957>,$ecuratore.$0(OLS)http://semarc/name/9102 773 0 $aHieronymus $tLettres.$dParis : Les Belles Lettres, 1949-1963.$w()20288 830 0$aCollection des Universités de France.$0(OLS)http://semarc/title/6036 850 $aSeMil 852 $aSeMil$W1$xVenegono$y1$m1X I 162$j126538$B126538$CSeMilBibl$Z2$F137201 $81 996 $6245$aTome 2$9(OLS)http://semarc/title/1533 LEADER 01326nam a2200253 i 4500 001 000000006025 003 CaOOAMICUS 005 20250917093928.0 008 180830s189u gw u000 u lat u 040 $aSeMil$bita 245 10$aCollectio librorum iuris anteiustiniani in usum scholarum /$cediderunt Paulus Krueger, Theodorus Mommsen, Guilelmus Studemund. 260 $aBerolini :$bApud Weidmannos,$c[189-?]- 300 $a3 v. ;$c21 cm. 700 1 $aKrüger, Paul,$d<1840-1926>.$0(OLS)http://semarc/name/3259 700 1 $aStudemund, Wilhelm.$0(OLS)http://semarc/name/3261 700 1 $aMommsen, Theodor,$d<1817-1903>.$0(OLS)http://semarc/name/3260 774 0 $tGai Institutiones ad Codicis Veronensis apographum studemundianum novis curis auctum in usum scholarum.$b6. editio.$g1$w()250806 774 0 $tUlpiani liber singularis regularum ; Pauli libri quinque sententiarum ; Fragmenta minora saeculorum p. chr. n. secundi et tertii.$g2$w()250809 774 0 $tFragmenta Vaticana Mosaicarum et Romanarum legum collatio.$g3$w()250810 900 1 $aKrueger, Paulus. 996 $6245$aCollectio librorum iuris anteiustiniani in usum scholarum$9(OLS)http://semarc/title/8230 996 $6260$aBerolini :$bApud Weidmannos$9(OLS)http://semarc/publisher/31843